Essays in syntactic theory (E-Book) (Record no. 193085)

000 -LEADER
fixed length control field 00450 a2200181 4500
003 - CONTROL NUMBER IDENTIFIER
control field Nust
005 - DATE AND TIME OF LATEST TRANSACTION
control field 20170207154050.0
020 ## - INTERNATIONAL STANDARD BOOK NUMBER
International Standard Book Number 0-415-19235-8 ;
040 ## - CATALOGING SOURCE
Transcribing agency Nust
082 ## - DEWEY DECIMAL CLASSIFICATION NUMBER
Classification number 410.1
082 ## - DEWEY DECIMAL CLASSIFICATION NUMBER
Classification number 410.1
100 1# - MAIN ENTRY--PERSONAL NAME
Personal name Samuel David Epstein
245 00 - TITLE STATEMENT
Title Essays in syntactic theory (E-Book)
Statement of responsibility, etc. Samuel David Epstein
260 ## - PUBLICATION, DISTRIBUTION, ETC.
Place of publication, distribution, etc. London :
Name of publisher, distributor, etc. Routledge,
Date of publication, distribution, etc. 2000
300 ## - PHYSICAL DESCRIPTION
Extent 175p;
Dimensions 24 cm
440 #0 - SERIES STATEMENT/ADDED ENTRY--TITLE
Title Routledge leading linguists,
Volume/sequential designation 5
651 ## - SUBJECT ADDED ENTRY--GEOGRAPHIC NAME
Geographic name (E-Book)
942 ## - ADDED ENTRY ELEMENTS (KOHA)
Source of classification or shelving scheme
Koha item type Book
Holdings
Withdrawn status Lost status Source of classification or shelving scheme Damaged status Not for loan Collection code Permanent Location Current Location Date acquired Total Checkouts Full call number Barcode Date last seen Price effective from Koha item type
            Military College of Signals (MCS) Military College of Signals (MCS) 12/12/2016   410.1 DAV MCSEB-2620 12/08/2016 12/12/2016 Book
© 2023 Central Library, National University of Sciences and Technology. All Rights Reserved.